Vzájomné väzby rozvoja výrobných síl a bytovej výstavby kandidátska dizertačná práca

Gespeichert in:
Bibliographische Detailangaben
1. Verfasser: Búšik, Jozef
Körperschaft: Vysoká škola ekonomická v Bratislave. Národohospodárska fakulta
Weitere Verfasser: Buček, Milan
Format: Buch
Sprache:Slowakisch
Veröffentlicht: Bratislava 1987
Tags: Tag hinzufügen
Keine Tags, Fügen Sie das erste Tag hinzu!

MARC

LEADER 00000nam a2200000 4500
001 c040321
005 20260108080116.6
041 0 |a slo 
044 |a SK 
245 1 0 |a Vzájomné väzby rozvoja výrobných síl a bytovej výstavby  |b kandidátska dizertačná práca  |c Jozef Búšik ; Ved. práce Milan Buček 
264 1 |a Bratislava  |c 1987 
300 |a 170 s. 
100 1 |a Búšik, Jozef 
700 1 |a Buček, Milan 
710 2 |a Vysoká škola ekonomická v Bratislave. Národohospodárska fakulta